Meilleurs sons de Heuss L'enfoiré - Statistiques

Statistiques générales
  • Ce quiz a été pris 308 fois
    121 depuis la dernière actualisation
  • Le résultat moyen est 7 sur 15
Statistiques - réponses
Rang Titres Streams % Correct
1 Moulaga (ft. Jul) 242,8M
89%
13 Moulaga - Speed up (ft. Jul) 33,3M
89%
4 Khapta (ft. Sofiane) 102,8M
84%
5 Aristocrate 100,7M
75%
3 Saiyan (ft. Gazo) 124,6M
69%
6 Les méchants 75,6M
59%
2 Ne reviens pas (ft. Gradur) 159,3M
59%
8 L'enfoiré 46,4M
53%
9 Mélanine (ft. Werenoi) 43,9M
45%
10 Benda (ft. Soolking) 42,4M
29%
7 Dans l'espace (ft. Gambi) 66,8M
28%
12 Rappelle-toi (ft. Naps) 37,7M
17%
11 Chandon et Moët (ft. PLK) 37,8M
11%
14 Woah (ft. Sofiane, Vald, Mac Tyer, Soolking, Kalash Criminel, Sadek) 32,0M
11%
15 OLA OLA OLA (ft. No Limit, Bosh) 30,4M
8%
Aucun quiz correspondant
Distribution des résultats
% des personnes avec chaque résultat
Percentile par nombre de réponses
Votre historique - résultats
Vous n’avez pas pris ce quiz depuis la dernière actualisation